000 00495nam a22001817a 4500
999 _c18033
_d18033
003 OSt
005 20191118113238.0
008 191118b xxu||||| |||| 00| 0 eng d
020 _a0387352120
040 _cKABU
050 _aQA278.8
_b.L44 2006 c.1
100 _4Lehmann, Erich L.
245 _aNonparametrics
_bStatistical methods Based on Ranks
_cErich L. Lehmann
260 _aNew York
_bSpringer
_c2006
300 _axvi, 463p.
650 _2Nonparametric statistics
942 _2lcc
_cBK